El Vaticano: de Juan Pablo II a Benedicto XVI
שמור ב:
| פורמט: | ספר |
|---|---|
| שפה: | ספרדית |
| יצא לאור: |
Santiago
Aún Creemos en los Sueños
2005
|
| מהדורה: | 1a. ed |
| סדרה: | Selección de Artículos de Le Monde Diplomatique, 40
|
| נושאים: | |
| תגים: |
הוספת תג
אין תגיות, היה/י הראשונ/ה לתייג את הרשומה!
|
MARC
| LEADER | 00000nam a2200000 a 4500 | ||
|---|---|---|---|
| 001 | UCI6729 | ||
| 003 | CL-VaPUC | ||
| 008 | 080523e20050000CL |||||||||||||||||spa|d | ||
| 020 | |a 9568134409 | ||
| 082 | 0 | 4 | |a 270.82 |b VAT |2 21 |
| 245 | 1 | 3 | |a El Vaticano: de Juan Pablo II a Benedicto XVI |
| 250 | |a 1a. ed | ||
| 300 | |a 71 p | ||
| 942 | |c BK | ||
| 945 | |d 20080523 00:00:00 |a cmena | ||
| 260 | |a Santiago |b Aún Creemos en los Sueños |c 2005 | ||
| 600 | 0 | |a Juan Pablo II |9 309920 | |
| 600 | 0 | 7 | |a BENEDICTO XVI |2 CL-VaPUC |9 494398 |
| 650 | 0 | |a Historia de la religión |9 313185 | |
| 650 | 0 | |a Pontífices |9 375468 | |
| 650 | 0 | |a Iglesia Católica |9 256114 | |
| 650 | 7 | |a CANONIZACION |2 CL-VaPUC |9 258734 | |
| 583 | |a last modification |c 20080523 00:00:00 |k Rodrigo Vera | ||
| 490 | 0 | |a Selección de Artículos de Le Monde Diplomatique, 40 | |
| 999 | |c 330178 |d 330176 | ||
| 952 | |0 0 |1 0 |4 0 |6 270_820000000000000_VAT_2005 |7 0 |8 A |9 415587 |a BIBCUR |b BIBCUR |d 2019-11-22 |i 4440560 |o 270.82 VAT 2005 |p 4440560 |r 2025-04-22 |w 2019-11-22 |y BK |k PER | ||